1139 1861 1501 1756 1542 1220 1522 1178 1402 1459 1565 1066 1112 1378 1662 1346 1433 1747 1952 1277 1091 1855 1078 1894 1370 1288 1177 1704 1649 1082 1066 1112 1635 1434 1360 1079 1209 1064 1968 1769 1310 1272 1411 1777 1058 1371 1287 1623 1342 1508 1769 1153 1521 1266 1175 1826 1091 1973 1074 1563 1608 1257 1417 1817 1938 1461 1911 1684 1833 1920 1986 1493 1845 1580 1214 1052 1077 1717 1189 1254 1858 1833 1330 1200 1467 1170 1866 1529 1130 1630 1252 1167 1991 1824 1418 1307 1793 1043 1657 BCNSPRNW ULIB Ver.6.0+V

เปลี่ยนเป็นภาษาไทย

Change to English
 แสดงรายละเอียดบรรณานุกรม
  กลับหน้าหลัก

Brief Record : Get Marc (ISO 2709) : E-mail record : QR code < ปิดหน้าต่าง
LEADER : 00000nam 2200000uu 4500
001    13399111775
003     ULIB
008    110627s2551||||th 000 0 tha d
020    9789741091379
090    นว.^bB111พ 2551
100 0  Baiboau
245 00 เพลิงแค้นซานตาน = Kiss from satan/^cBaiboau
250    พิมพ์ครั้งที่ 1
260    กรุงเทพฯ :^bปริ๊นเซส,^c2551
300    339 หน้า
945    ^p200^l0^i024468
995    ทศพร
999 ^a ใช้งานได้ทุกระบบ
รายการนี้ยังไม่มีแท็ก
คุณยังไม่ได้ล็อกอิน คุณสามารถมีกิจกรรมร่วมกับเว็บไซต์ได้ แต่ต้องล็อกอินก่อน ::
  ล็อกอิน

รายการสื่อสารสนเทศ

ลำดับที่ ประเภท เลขเรียก/บาร์โค้ด สถานที่ สถานะ
- ไม่พบข้อมูล -

รายการใกล้เคียง
    ผู้แต่ง [Baiboau]

BibComment


ยังไม่เคยถูกคอมเมนท์

คอมเมนท์ทรัพยากรรายการนี้
  คอมเมนท์: เพลิงแค้นซานตาน ..


 Copyright 2026. Bcnsprnw @Library